[Event "Raahe op"]
[Site "Raahe"]
[Date "2019.12.02"]
[Round "2"]
[White "Lauronen, Tapio"]
[Black "Pitkaaho, Arto"]
[Result "0-1"]
[WhiteElo "1956"]
[BlackElo "2142"]
[PlyCount "44"]
[EventDate "2019.11.02"]
[EventType "swiss"]
[EventRounds "5"]
[EventCountry "FIN"]
[SourceTitle "EXT 2021"]
[Source "ChessBase"]
[SourceDate "2020.10.23"]
[SourceVersion "1"]
[SourceVersionDate "2020.10.23"]
[SourceQuality "1"]

1. e4 e6 2. d4 d5 3. Nc3 Bb4 4. e5 Ne7 5. Nf3 c5 6. dxc5 Nd7 7. Bd3 Nc6 8. Bf4 Bxc5 9. 0-0 a6 10. Qe2 f6 11. exf6 Nxf6 12. Ne5 0-0 13. Nxc6 bxc6 14. Be5 Ra7 15. Rae1 Nd7 16. Bg3 e5 17. Bxe5 Nxe5 18. Qxe5 Re7 19. Bxh7+ Kxh7 20. Qh5+ Kg8 21. Rxe7 Qxe7 22. Qd1 Qg5 0-1

[Event "Oulainen Raputurnaus"]
[Site "Oulainen"]
[Date "2019.10.06"]
[Round "4"]
[White "Lauronen, Timo"]
[Black "Lauronen, Tapio"]
[Result "1-0"]
[WhiteElo "2040"]
[BlackElo "1964"]
[PlyCount "65"]
[EventDate "2019.10.04"]
[EventType "tourn"]
[EventRounds "3"]
[EventCountry "FIN"]
[SourceTitle "EXT 2021"]
[Source "ChessBase"]
[SourceDate "2020.10.23"]
[SourceVersion "1"]
[SourceVersionDate "2020.10.23"]
[SourceQuality "1"]

1. c4 e5 2. Nc3 f5 3. g3 Nf6 4. Bg2 Bc5 5. e3 e4 6. d4 exd3 7. Qxd3 d6 8. Nge2 0-0 9. a3 a6 10. b4 Ba7 11. Nf4 Nc6 12. 0-0 Ne5 13. Qe2 Rb8 14. Rd1 Bd7 15. Bb2 Re8 16. Rac1 b5 17. cxb5 axb5 18. Ncd5 Nxd5 19. Bxd5+ Kh8 20. Qh5 h6 21. Ng6+ Kh7 22. Bxe5 dxe5 23. Bf7 Qc8 24. Rxd7 Qxd7 25. Rxc7 Qxc7 26. Qxf5 Qxf7 27. Qxf7 e4 28. Nh4 Bb6 29. Qg6+ Kh8 30. Nf5 Rg8 31. Nxh6 Rb7 32. Nf7+ Rxf7 33. Qh5# 1-0

[Event "Nordfinnland-ch op"]
[Site "Oulu"]
[Date "2019.08.31"]
[Round "3"]
[White "Simkin, Alexander"]
[Black "Lauronen, Tapio"]
[Result "1-0"]
[WhiteElo "1796"]
[BlackElo "1991"]
[PlyCount "47"]
[EventDate "2019.08.31"]
[EventType "swiss"]
[EventRounds "5"]
[EventCountry "FIN"]
[SourceTitle "EXT 2021"]
[Source "ChessBase"]
[SourceDate "2020.10.23"]
[SourceVersion "1"]
[SourceVersionDate "2020.10.23"]
[SourceQuality "1"]

1. d4 d5 2. c4 e6 3. Nc3 Nf6 4. e3 Be7 5. Nf3 0-0 6. Bd3 Nbd7 7. 0-0 c6 8. Qc2 b6 9. Ne5 dxc4 10. Bxc4 Nxe5 11. dxe5 Nd7 12. f4 Nc5 13. Rd1 Qc7 14. b4 Ba6 15. Bxa6 Nxa6 16. a3 Rfd8 17. Bb2 Rxd1+ 18. Rxd1 Rd8 19. Ne4 Rd5 20. Rc1 Nb8 21. Qe2 a5 22. Qg4 axb4 23. Nf6+ Kh8 24. Ne8 1-0

[Event "FIN-chT2 Gp4 1718"]
[Site "Finland"]
[Date "2017.10.21"]
[Round "2.1"]
[White "Lauronen, Tapio"]
[Black "Leukkunen, Raimo"]
[Result "0-1"]
[WhiteElo "2048"]
[BlackElo "1855"]
[PlyCount "166"]
[EventDate "2017.09.11"]
[EventType "team-tourn"]
[EventRounds "7"]
[EventCountry "FIN"]
[SourceTitle "EXT 2020"]
[Source "ChessBase"]
[SourceDate "2019.10.17"]
[SourceVersion "1"]
[SourceVersionDate "2019.10.17"]
[SourceQuality "1"]
[WhiteTeam "Oulainen"]
[BlackTeam "Oulu OSS II"]
[WhiteTeamCountry "FIN"]
[BlackTeamCountry "FIN"]

1. e4 e5 2. Nf3 Nc6 3. Bc4 Nf6 4. d3 Be7 5. 0-0 0-0 6. Re1 d6 7. h3 Na5 8. Bb3 Nxb3 9. axb3 c6 10. Nc3 h6 11. d4 Qc7 12. Be3 b6 13. Qd2 Nh7 14. Ne2 f5 15. exf5 e4 16. Nh2 Bxf5 17. d5 c5 18. Ng3 Bg5 19. Bxg5 Nxg5 20. h4 Nh7 21. Nxe4 Rae8 22. Ng3 Rxe1+ 23. Rxe1 Bc8 24. Nh5 Qf7 25. Ng3 Nf6 26. c4 Qg6 27. Re7 Rf7 28. Rxf7 Kxf7 29. Qf4 Ke7 30. Nhf1 Qb1 31. Qd2 a6 32. f3 Qg6 33. b4 Kd7 34. bxc5 bxc5 35. Qe2 Kd8 36. Kf2 Bf5 37. Nxf5 Qxf5 38. Ne3 Qf4 39. Kg1 Qd4 40. g3 g5 41. hxg5 hxg5 42. Kf1 Qe5 43. g4 Kc7 44. Nf5 Nd7 45. Ne7 Qf4 46. Nc6 Ne5 47. Nxe5 dxe5 48. Kg2 Kd6 49. Kh3 Qc1 50. Kg2 a5 51. b3 Qc3 52. Qa2 Qe1 53. Qc2 Ke7 54. Qd3 Qc1 55. Qh7+ Kf8 56. Qf5+ Kg8 57. Qe6+ Kh7 58. Qf7+ Kh6 59. Qe6+ Kh7 60. Qf7+ Kh6 61. Qf8+ Kh7 62. Qxc5 Qd2+ 63. Qf2 Qf4 64. Qa7+ Kg6 65. Qb6+ Kh7 66. Qxa5 e4 67. Qa7+ Kg6 68. Qb6+ Kh7 69. Qb7+ Kh8 70. Qc8+ Kg7 71. Qd7+ Kg8 72. Qe8+ Kg7 73. Qe7+ Kg8 74. Qxe4 Qd2+ 75. Kg3 Qc1 76. f4 Qg1+ 77. Kf3 Qf1+ 78. Ke3 Qg1+ 79. Kd3 Qg3+ 80. Kd4 gxf4 81. Qg6+ Kf8 82. Qf5+ Kg7 83. g5 Qe3# 0-1

[Event "Kokkola We KokkSK"]
[Site "Kokkola"]
[Date "2016.03.20"]
[Round "4"]
[White "Lauronen, Tapio"]
[Black "Koskinen, Veikko"]
[Result "1/2-1/2"]
[WhiteElo "2048"]
[BlackElo "1971"]
[PlyCount "20"]
[EventDate "2016.03.19"]
[EventType "swiss"]
[EventRounds "5"]
[EventCountry "FIN"]
[SourceTitle "EXT 2022"]
[Source "ChessBase"]
[SourceDate "2021.10.06"]
[SourceVersion "1"]
[SourceVersionDate "2021.10.06"]
[SourceQuality "1"]

1. Nf3 f5 2. b3 Nf6 3. Bb2 e6 4. e3 d5 5. Be2 Bd6 6. Ne5 0-0 7. f4 Nbd7 8. 0-0 c6 9. d3 Qc7 10. Nxd7 Bxd7 1/2-1/2

[Event "Kokkola We KokkSK"]
[Site "Kokkola"]
[Date "2016.03.20"]
[Round "4"]
[White "Sassi, Pekka"]
[Black "Lauronen, Tapio"]
[Result "1-0"]
[WhiteElo "1959"]
[BlackElo "2048"]
[PlyCount "53"]
[EventDate "2016.03.19"]
[EventType "swiss"]
[EventRounds "5"]
[EventCountry "FIN"]
[SourceTitle "EXT 2022"]
[Source "ChessBase"]
[SourceDate "2021.10.06"]
[SourceVersion "1"]
[SourceVersionDate "2021.10.06"]
[SourceQuality "1"]

1. c4 c5 2. g3 Nc6 3. Bg2 g6 4. Nc3 Bg7 5. Rb1 d6 6. a3 a5 7. Nf3 e5 8. 0-0 Nge7 9. Ne1 0-0 10. Nc2 f5 11. b4 axb4 12. axb4 cxb4 13. Nxb4 Nxb4 14. Rxb4 Nc6 15. Rb1 e4 16. Nd5 Ne7 17. Nb6 Ra7 18. Nxc8 Qxc8 19. d3 exd3 20. exd3 Nc6 21. Be3 Ra3 22. Rb3 Rxb3 23. Qxb3 Rd8 24. Rb1 Bd4 25. Bxc6 Bxe3 26. Bd5+ Kg7 27. fxe3 1-0

[Event "Kokkola We KokkSK"]
[Site "Kokkola"]
[Date "2016.03.19"]
[Round "2"]
[White "Heinola, Vesa Pekka"]
[Black "Lauronen, Tapio"]
[Result "1-0"]
[WhiteElo "2195"]
[BlackElo "2048"]
[PlyCount "85"]
[EventDate "2016.03.19"]
[EventType "swiss"]
[EventRounds "5"]
[EventCountry "FIN"]
[SourceTitle "EXT 2022"]
[Source "ChessBase"]
[SourceDate "2021.10.06"]
[SourceVersion "1"]
[SourceVersionDate "2021.10.06"]
[SourceQuality "1"]

1. d4 d5 2. c4 e6 3. Nc3 Nf6 4. Bg5 Be7 5. Nf3 0-0 6. Qc2 h6 7. Bxf6 Bxf6 8. e4 dxe4 9. Qxe4 Re8 10. 0-0-0 Nd7 11. h4 c5 12. g4 cxd4 13. Nxd4 Bxh4 14. Ndb5 Bxf2 15. Nd6 Qg5+ 16. Kb1 Re7 17. Qg2 Bc5 18. Nde4 Qe5 19. g5 Be3 20. gxh6 f5 21. h7+ Kh8 22. Nd6 Bc5 23. Nxc8 Rxc8 24. Qxb7 Rb8 25. Qf3 g6 26. Bg2 Nf6 27. Qd3 Rxh7 28. Rhe1 Ne4 29. Bxe4 fxe4 30. Rxe4 Qf5 31. Rf1 Qh3 32. Qxh3 Rxh3 33. Na4 Bf8 34. Rxe6 Rg3 35. Rf7 a5 36. c5 Rg4 37. Nb6 Bxc5 38. Nd7 Rg1+ 39. Kc2 Rc8 40. Kd3 Rd1+ 41. Ke2 Rd6 42. Nxc5 Rxe6+ 43. Nxe6 1-0

[Event "FIN-chT1 East 1213"]
[Site "Finland"]
[Date "2013.02.09"]
[Round "6.4"]
[White "Lauronen, Tapio"]
[Black "Ristoja, Samu"]
[Result "0-1"]
[WhiteElo "2079"]
[BlackElo "2087"]
[PlyCount "52"]
[EventDate "2012.09.29"]
[EventType "team-tourn"]
[EventRounds "7"]
[EventCountry "FIN"]
[SourceTitle "EXT 2019"]
[Source "ChessBase"]
[SourceDate "2018.10.10"]
[SourceVersion "1"]
[SourceVersionDate "2018.10.10"]
[SourceQuality "1"]
[WhiteTeam "Turku TuTS II"]
[BlackTeam "Helsinki Garde"]
[WhiteTeamCountry "FIN"]
[BlackTeamCountry "FIN"]

1. e4 c5 2. Nf3 d6 3. d4 cxd4 4. Nxd4 Nf6 5. Nc3 g6 6. Be3 Bg7 7. f3 0-0 8. Qd2 Nc6 9. Bc4 Bd7 10. 0-0-0 Rc8 11. Bb3 Ne5 12. h4 Nc4 13. Bxc4 Rxc4 14. h5 Qa5 15. Kb1 Rfc8 16. hxg6 fxg6 17. Nb3 Qa6 18. e5 dxe5 19. Nd5 Nxd5 20. Qxd5+ Be6 21. Qd8+ Rxd8 22. Rxd8+ Kf7 23. Rxh7 Bf5 24. Bh6 Bxc2+ 25. Ka1 Qxa2+ 26. Kxa2 Ra4# 0-1

[Event "Naantali op"]
[Site "Naantali"]
[Date "2012.07.06"]
[Round "7"]
[White "Lehtivaara, Petri"]
[Black "Lauronen, Tapio"]
[Result "1-0"]
[WhiteElo "2320"]
[BlackElo "2072"]
[PlyCount "59"]
[EventDate "2012.07.02"]
[EventType "swiss"]
[EventRounds "9"]
[EventCountry "FIN"]
[SourceTitle "CBM 149 Extra"]
[Source "ChessBase"]
[SourceDate "2012.08.24"]
[SourceVersion "1"]
[SourceVersionDate "2012.08.24"]
[SourceQuality "1"]

1. d4 d5 2. c4 e6 3. Nc3 Nf6 4. Nf3 Be7 5. Bf4 0-0 6. e3 c5 7. dxc5 Bxc5 8. Qc2 Nc6 9. a3 dxc4 10. Bxc4 Qe7 11. 0-0 a6 12. Rfc1 Ba7 13. Bg5 h6 14. Bh4 Qc5 15. Qe2 Qh5 16. Bxf6 gxf6 17. Ne4 Kg7 18. Ng3 Qg4 19. Bxa6 bxa6 20. Rxc6 Bb7 21. Rc4 Qg6 22. Nh4 Qh7 23. Nh5+ Kh8 24. Nxf6 Qg7 25. Nh5 Qe5 26. Nf4 Rg8 27. Qc2 Rg4 28. Nfg6+ Rxg6 29. Qxg6 Qg5 30. Qxf7 1-0

[Event "FIN-ch U18/20"]
[Site "Turku"]
[Date "2011.06.12"]
[Round "7"]
[White "Lauronen, Tapio"]
[Black "Hosia, Akseli"]
[Result "1-0"]
[WhiteElo "2122"]
[BlackElo "1840"]
[PlyCount "124"]
[EventDate "2011.06.09"]
[EventType "tourn"]
[EventRounds "7"]
[EventCountry "FIN"]
[SourceTitle "EXT 2022"]
[Source "ChessBase"]
[SourceDate "2021.10.06"]
[SourceVersion "1"]
[SourceVersionDate "2021.10.06"]
[SourceQuality "1"]

1. e4 e6 2. d4 d5 3. Nc3 Nf6 4. Bg5 Be7 5. e5 Nfd7 6. h4 Bxg5 7. hxg5 Qxg5 8. Nh3 Qe7 9. Qd2 a6 10. 0-0-0 c5 11. Nf4 cxd4 12. Qxd4 Nc6 13. Qd2 Ndxe5 14. Nfxd5 exd5 15. Nxd5 Qd8 16. Qe3 Be6 17. Nb6 Qb8 18. Rh4 0-0 19. Bd3 Nxd3+ 20. Qxd3 h6 21. Nxa8 Qxa8 22. Rdh1 Ne5 23. Qe3 Ng6 24. Rh5 Bg4 25. Rc5 b6 26. Rc7 Qxg2 27. Re1 Qd5 28. Kb1 Be6 29. b3 b5 30. Qb6 Qd2 31. Rg1 Nf4 32. Qc5 Nd5 33. Rc6 b4 34. Rc1 Nc3+ 35. Kb2 Nxa2 36. Ra1 Nc3 37. Rd6 Qf4 38. Raxa6 Ne4 39. Qxb4 Qf6+ 40. Rd4 Nxf2 41. Kb1 Ng4 42. Ra7 Qf1+ 43. Kb2 Ne3 44. Qxf8+ Kh7 45. Qd8 Nf5 46. Rd1 Qf2 47. Ra8 Qe3 48. Qd2 Qe5+ 49. Qc3 Qe4 50. Ra4 Qe2 51. Rd2 Qe1 52. Ra1 Qe4 53. Ra5 h5 54. Re5 Qg4 55. b4 Qg1 56. Qc5 Qg4 57. b5 Qa4 58. Rxf5 Qa2+ 59. Kc3 Qa1+ 60. Kd3 Bxf5+ 61. Qxf5+ Kg8 62. Ke2 g6 1-0

[Event "FIN-ch U18/20"]
[Site "Turku"]
[Date "2011.06.09"]
[Round "1"]
[White "Linden, Lari"]
[Black "Lauronen, Tapio"]
[Result "1-0"]
[WhiteElo "1908"]
[BlackElo "2122"]
[PlyCount "75"]
[EventDate "2011.06.09"]
[EventType "tourn"]
[EventRounds "7"]
[EventCountry "FIN"]
[SourceTitle "EXT 2022"]
[Source "ChessBase"]
[SourceDate "2021.10.06"]
[SourceVersion "1"]
[SourceVersionDate "2021.10.06"]
[SourceQuality "1"]

1. d4 d5 2. c4 e6 3. Nc3 Nf6 4. cxd5 exd5 5. Bg5 Be7 6. e3 0-0 7. Bd3 Re8 8. Qc2 h6 9. Bh4 c6 10. Nge2 Nbd7 11. Bg3 Nf8 12. h3 Be6 13. 0-0 Bd6 14. Rab1 Bxg3 15. Nxg3 g6 16. b4 a6 17. a4 Qd7 18. Rfc1 h5 19. Qe2 h4 20. Nf1 Bf5 21. Bxf5 Qxf5 22. Qc2 Qd7 23. b5 cxb5 24. axb5 Rec8 25. Qb3 Qd6 26. Nd2 Ne6 27. Nf3 Rc7 28. Rc2 Kg7 29. Ne5 Qb6 30. Na4 Qxb5 31. Qa2 Qa5 32. Rxc7 Qxc7 33. Qb2 b5 34. Rc1 Qd8 35. Nc6 Qd6 36. Nb6 Re8 37. Qa2 Nc7 38. Qa5 1-0

[Event "Oulainen We Shakkilaakso"]
[Site "Oulainen"]
[Date "2011.??.??"]
[Round "4"]
[White "Lauronen, Tapio"]
[Black "Lauronen, Timo"]
[Result "0-1"]
[WhiteElo "2122"]
[BlackElo "2008"]
[PlyCount "58"]
[EventDate "2011.??.??"]
[EventType "swiss"]
[EventRounds "5"]
[EventCountry "FIN"]
[SourceTitle "EXT 2022"]
[Source "ChessBase"]
[SourceDate "2021.10.06"]
[SourceVersion "1"]
[SourceVersionDate "2021.10.06"]
[SourceQuality "1"]

1. e4 c5 2. Nf3 d6 3. d4 cxd4 4. Nxd4 Nf6 5. Nc3 g6 6. Be3 Bg7 7. f3 Nc6 8. Qd2 Bd7 9. Bc4 Na5 10. Bb3 Nxb3 11. cxb3 a6 12. 0-0-0 b5 13. Kb1 b4 14. Nd5 a5 15. h4 h5 16. Bg5 Nxd5 17. exd5 0-0 18. Rhe1 Re8 19. Rc1 Qb6 20. Nc6 e5 21. dxe6 Bxc6 22. exf7+ Kxf7 23. Rxe8 Rxe8 24. Qf4+ Kg8 25. Qc4+ Kh7 26. Qxc6 Qf2 27. Rc2 Re1+ 28. Bc1 Rxc1+ 29. Kxc1 Qe1# 0-1

[Event "Kokkola We KokkSK"]
[Site "Kokkola"]
[Date "2010.??.??"]
[Round "4"]
[White "Lauronen, Tapio"]
[Black "Julkunen, Tapio"]
[Result "1-0"]
[WhiteElo "2126"]
[BlackElo "1987"]
[PlyCount "109"]
[EventDate "2010.??.??"]
[EventType "swiss"]
[EventRounds "5"]
[EventCountry "FIN"]
[SourceTitle "EXT 2022"]
[Source "ChessBase"]
[SourceDate "2021.10.06"]
[SourceVersion "1"]
[SourceVersionDate "2021.10.06"]
[SourceQuality "1"]

1. e4 c5 2. Nf3 d6 3. d4 cxd4 4. Nxd4 Nf6 5. Nc3 Nc6 6. Bg5 e6 7. Qd2 a6 8. f3 h6 9. Be3 Nxd4 10. Bxd4 e5 11. Be3 Be6 12. 0-0-0 Qa5 13. Kb1 Rd8 14. g4 d5 15. Nxd5 Rxd5 16. exd5 Qxd5 17. c4 Qxd2 18. Bxd2 e4 19. Ba5 Be7 20. Be2 0-0 21. Rhe1 Rc8 22. b3 exf3 23. Bxf3 b5 24. cxb5 axb5 25. h3 Ba3 26. Rd8+ Rxd8 27. Bxd8 Nd5 28. Bxd5 Bxd5 29. Be7 b4 30. Re5 Bg2 31. h4 Bf3 32. g5 hxg5 33. hxg5 Kh7 34. Rb5 Be4+ 35. Ka1 Kg6 36. Bxb4 Bxb4 37. Rxb4 Bh1 38. Rb5 f5 39. gxf6 Kxf6 40. Kb2 g5 41. Kc3 g4 42. Kd4 g3 43. Ke3 Be4 44. b4 g2 45. Kf2 Bb1 46. a4 Be4 47. a5 Ke6 48. Rg5 Kd6 49. Rxg2 Kc6 50. Rg5 Bd3 51. Ke3 Bf1 52. Kd4 Be2 53. Rg6+ Kb5 54. Rb6+ Ka4 55. Kc5 1-0

[Event "Oulu We Sh-77"]
[Site "Oulu"]
[Date "2009.??.??"]
[Round "2"]
[White "Lauronen, Tapio"]
[Black "Sassi, Pekka"]
[Result "0-1"]
[WhiteElo "2148"]
[BlackElo "2111"]
[PlyCount "72"]
[EventDate "2009.??.??"]
[EventType "swiss"]
[EventRounds "5"]
[EventCountry "FIN"]
[SourceTitle "EXT 2011"]
[Source "ChessBase"]
[SourceDate "2010.11.26"]
[SourceVersion "1"]
[SourceVersionDate "2010.11.26"]
[SourceQuality "1"]

1. e4 c5 2. Nf3 e6 3. d4 cxd4 4. Nxd4 Nf6 5. Nc3 d6 6. Bg5 Be7 7. Qd2 h6 8. Bh4 a6 9. 0-0-0 b5 10. Bd3 Bb7 11. f3 Nbd7 12. Rhe1 b4 13. Nce2 Rb8 14. Bc4 Nc5 15. Bg3 Qc7 16. Nb3 Ncxe4 17. fxe4 Qxc4 18. e5 Ne4 19. Qe3 Bg5 20. Bf4 dxe5 21. Bxg5 hxg5 22. Ng3 Rc8 23. Kb1 Nxg3 24. Qxg3 Qf4 25. Qd3 0-0 26. Rf1 Qc4 27. Qd7 Be4 28. Na1 Bxc2+ 29. Nxc2 Qxc2+ 30. Ka1 Rc7 31. Qd6 Rfc8 32. Rb1 Qxg2 33. Qxa6 Ra8 34. Qb5 Rca7 35. Qc4 Qd5 36. Qc1 Qxa2# 0-1

[Event "FIN-chT1D 0809"]
[Site "Finland"]
[Date "2009.??.??"]
[Round "5.1"]
[White "Lauronen, Tapio"]
[Black "Vinke, Dietmar"]
[Result "0-1"]
[WhiteElo "2155"]
[BlackElo "2192"]
[PlyCount "40"]
[EventDate "2008.??.??"]
[EventType "team-tourn"]
[EventRounds "5"]
[EventCountry "FIN"]
[SourceTitle "EXT 2022"]
[Source "ChessBase"]
[SourceDate "2021.10.06"]
[SourceVersion "1"]
[SourceVersionDate "2021.10.06"]
[SourceQuality "1"]
[WhiteTeam "Oulainen Shakkilaakso"]
[BlackTeam "Oulu OSS"]
[WhiteTeamCountry "FIN"]
[BlackTeamCountry "FIN"]

1. e4 c6 2. d4 d5 3. Nc3 g6 4. Nf3 Bg7 5. Be2 Nh6 6. 0-0 0-0 7. Re1 f6 8. Bd3 Nf7 9. exd5 cxd5 10. Nh4 e5 11. dxe5 fxe5 12. g3 Nc6 13. Be2 Nd4 14. Nb5 Nxe2+ 15. Qxe2 Bh3 16. Bd2 Qb6 17. Bb4 Rfe8 18. Ba3 d4 19. c3 g5 20. Nf3 Bd7 0-1

[Event "Oulainen We Shakkilaakso"]
[Site "Oulainen"]
[Date "2009.??.??"]
[Round "5"]
[White "Linqvist, Grels"]
[Black "Lauronen, Tapio"]
[Result "0-1"]
[WhiteElo "2032"]
[BlackElo "2122"]
[PlyCount "91"]
[EventDate "2009.??.??"]
[EventType "swiss"]
[EventRounds "5"]
[EventCountry "FIN"]
[SourceTitle "EXT 2022"]
[Source "ChessBase"]
[SourceDate "2021.10.06"]
[SourceVersion "1"]
[SourceVersionDate "2021.10.06"]
[SourceQuality "1"]

1. c4 Nf6 2. Nf3 e6 3. Nc3 Bb4 4. g3 0-0 5. Bg2 Re8 6. a3 Bxc3 7. dxc3 e5 8. Bg5 h6 9. Bxf6 Qxf6 10. 0-0 Qb6 11. Qc2 Nc6 12. b4 d6 13. e4 Be6 14. Nd2 Nb8 15. Rfb1 Nd7 16. Bf1 Qc6 17. a4 a5 18. c5 dxc5 19. Bb5 Qd6 20. bxc5 Nxc5 21. Bxe8 Rxe8 22. Nf1 Bc4 23. Rd1 Qc6 24. Rab1 Nxe4 25. Ne3 Ng5 26. Nxc4 Nf3+ 27. Kf1 Qxc4+ 28. Qd3 Qc6 29. h4 e4 30. Qe3 Qxa4 31. Kg2 b6 32. Rd5 Qc6 33. Rbd1 a4 34. Rd8 a3 35. Rxe8+ Qxe8 36. c4 Qa8 37. Ra1 a2 38. Qe2 Qc6 39. Rxa2 Ne5 40. Rc2 h5 41. Qxh5 Nxc4 42. Kh2 b5 43. Qg5 Qd7 44. Ra2 Qe8 45. h5 Ne5 46. Kh1 0-1

[Event "Kajaani We KaSY op"]
[Site "Kajaani"]
[Date "2008.??.??"]
[Round "2"]
[White "Lauronen, Tapio"]
[Black "Halmesvirta, Anssi"]
[Result "1-0"]
[WhiteElo "2149"]
[BlackElo "1962"]
[PlyCount "59"]
[EventDate "2008.07.??"]
[EventType "swiss"]
[EventRounds "5"]
[EventCountry "FIN"]
[SourceTitle "EXT 2010"]
[Source "ChessBase"]
[SourceDate "2010.11.25"]
[SourceVersion "1"]
[SourceVersionDate "2010.11.25"]
[SourceQuality "1"]

1. Nf3 Nf6 2. c4 g6 3. Nc3 Bg7 4. e4 d6 5. d4 0-0 6. Be2 e5 7. 0-0 Nc6 8. Be3 Bg4 9. d5 Ne7 10. b4 a5 11. a3 Ne8 12. c5 axb4 13. axb4 Bxf3 14. Bxf3 f5 15. Bg5 Nf6 16. Bxf6 Bxf6 17. Nb5 Rxa1 18. Qxa1 Qd7 19. Qa5 Rc8 20. Rd1 fxe4 21. Bxe4 Nf5 22. c6 bxc6 23. dxc6 Qg7 24. Bd5+ Kh8 25. Be6 Rf8 26. Qxc7 Be7 27. Qb7 Qf6 28. Bxf5 Qxf5 29. Rf1 Bg5 30. Nxd6 1-0

[Event "Oulu We Sh 77 op"]
[Site "Oulu"]
[Date "2008.??.??"]
[Round "2"]
[White "Lauronen, Tapio"]
[Black "Kiuttu, Roope"]
[Result "1/2-1/2"]
[WhiteElo "2160"]
[BlackElo "2047"]
[PlyCount "136"]
[EventDate "2008.02.??"]
[EventType "swiss"]
[EventRounds "5"]
[EventCountry "FIN"]
[SourceTitle "EXT 2010"]
[Source "ChessBase"]
[SourceDate "2010.11.25"]
[SourceVersion "1"]
[SourceVersionDate "2010.11.25"]
[SourceQuality "1"]

1. c4 e6 2. Nc3 d5 3. g3 Nf6 4. Bg2 Be7 5. Nf3 0-0 6. 0-0 c5 7. cxd5 Nxd5 8. Qb3 Nc6 9. Nxd5 Qxd5 10. Qxd5 exd5 11. d4 cxd4 12. Rd1 Bc5 13. Bf4 Re8 14. Rac1 Bb6 15. Kf1 Bf5 16. Bd6 Bg4 17. Bc5 Bxc5 18. Rxc5 Rad8 19. h3 Bxf3 20. Bxf3 Re5 21. b4 Nxb4 22. Rxd4 Nc6 23. Rdxd5 Rexd5 24. Bxd5 Rd6 25. e4 Kf8 26. Ke2 f6 27. f4 Ke7 28. Ke3 Kd7 29. g4 b6 30. Bxc6+ Rxc6 31. Rh5 h6 32. Rd5+ Ke7 33. Kd3 Rc1 34. a4 Ra1 35. g5 hxg5 36. fxg5 Rxa4 37. gxf6+ Kxf6 38. Rf5+ Ke6 39. Rg5 Ra3+ 40. Kd4 Rxh3 41. Rxg7 Ra3 42. Rg6+ Kd7 43. Ke5 b5 44. Kd5 b4 45. Rg7+ Ke8 46. Kc4 a5 47. Rb7 Ra1 48. e5 Re1 49. Rb5 Ra1 50. Rb7 Kd8 51. e6 Ke8 52. Kd5 Rd1+ 53. Kc4 Re1 54. Rb5 Ra1 55. Rb7 Ra3 56. Kd5 Rd3+ 57. Kc4 Re3 58. Rb5 Rc3+ 59. Kd4 Ra3 60. Rb7 Rb3 61. Ra7 Ra3 62. Rb7 Ra2 63. Kc4 Rc2+ 64. Kb5 b3 65. Kxa5 b2 66. Ka4 Rc4+ 67. Ka3 Rc7 68. Rxb2 Ke7 1/2-1/2

[Event "Kajaani We KaSY op"]
[Site "Kajaani"]
[Date "2008.??.??"]
[Round "5"]
[White "Lauronen, Tapio"]
[Black "Kokkila, Tero"]
[Result "1/2-1/2"]
[WhiteElo "2149"]
[BlackElo "2332"]
[PlyCount "122"]
[EventDate "2008.07.??"]
[EventType "swiss"]
[EventRounds "5"]
[EventCountry "FIN"]
[SourceTitle "EXT 2010"]
[Source "ChessBase"]
[SourceDate "2010.11.25"]
[SourceVersion "1"]
[SourceVersionDate "2010.11.25"]
[SourceQuality "1"]

1. e4 e6 2. d4 d5 3. Nc3 Nf6 4. Bg5 Be7 5. e5 Nfd7 6. Bxe7 Qxe7 7. f4 a6 8. Nf3 c5 9. Qd2 Nc6 10. 0-0-0 b5 11. dxc5 0-0 12. Bd3 Nxc5 13. Ng5 h6 14. h4 f6 15. Nh7 b4 16. Ne2 Rf7 17. Bg6 Ne4 18. Qe3 fxe5 19. fxe5 Bb7 20. Nf4 Nxe5 21. Bxf7+ Qxf7 22. Rhf1 Kxh7 23. Nxd5 Qg6 24. Nf4 Qe8 25. Qb6 Qc6 26. Qxc6 Bxc6 27. Rfe1 Ng6 28. Nxe6 Re8 29. Nc7 Rb8 30. h5 Nf4 31. Rd4 Nxh5 32. Rdxe4 Bxe4 33. Rxe4 Rb6 34. Nd5 Rg6 35. g4 Rg5 36. Rd4 Ng3 37. Kd2 a5 38. Ke3 h5 39. Kf3 h4 40. Ne3 Rc5 41. Rd5 Rxd5 42. Nxd5 g5 43. Ne7 Nf1 44. Nc6 Nh2+ 45. Ke2 Nxg4 46. Kf3 Nh2+ 47. Kg2 Ng4 48. Kf3 Nf6 49. Nxa5 g4+ 50. Kg2 Nd5 51. Nc4 Nf4+ 52. Kh1 g3 53. Ne3 Kg6 54. a4 bxa3 55. bxa3 Kg5 56. a4 Ne6 57. a5 Nc5 58. Kg2 Kf4 59. Nd5+ Kg4 60. Ne3+ Kf4 61. Nd5+ Kg4 1/2-1/2

[Event "Ylivieska We Shakkilaakso"]
[Site "Ylivieska"]
[Date "2008.??.??"]
[Round "6"]
[White "Lauronen, Tapio"]
[Black "Luukkonen, Tommi"]
[Result "0-1"]
[WhiteElo "2160"]
[BlackElo "2244"]
[PlyCount "84"]
[EventDate "2008.??.??"]
[EventType "swiss"]
[EventRounds "7"]
[EventCountry "FIN"]
[SourceTitle "EXT 2010"]
[Source "ChessBase"]
[SourceDate "2010.11.25"]
[SourceVersion "1"]
[SourceVersionDate "2010.11.25"]
[SourceQuality "1"]

1. e4 c5 2. Nf3 d6 3. d4 cxd4 4. Nxd4 Nf6 5. Nc3 a6 6. Bc4 e6 7. Bb3 b5 8. 0-0 Be7 9. Qf3 Qc7 10. Qg3 0-0 11. Bh6 Ne8 12. Rae1 b4 13. Nce2 a5 14. Nf4 Bf6 15. c3 a4 16. Bd1 Kh8 17. Bg5 Be5 18. Nf3 bxc3 19. bxc3 f6 20. Qh4 Kg8 21. Re3 Qf7 22. Bh6 gxh6 23. Nxe5 fxe5 24. Rg3+ Kh8 25. Ng6+ hxg6 26. Qxh6+ Kg8 27. Rxg6+ Ng7 28. Bh5 Qe7 29. Re1 Nd7 30. Re3 Rb8 31. h4 Rf6 32. Reg3 Rxg6 33. Bxg6 Nf8 34. Rg4 Rb1+ 35. Kh2 Rb2 36. h5 Rxf2 37. Qe3 Rf4 38. Rg3 Nxg6 39. hxg6 Bb7 40. Qa7 Rh4+ 41. Kg1 Qc7 42. Re3 Nh5 0-1

[Event "FIN-chT1D 0809"]
[Site "Finland"]
[Date "2008.??.??"]
[Round "3.2"]
[White "Lauronen, Tapio"]
[Black "Niemi, Olavi"]
[Result "1-0"]
[WhiteElo "2155"]
[BlackElo "2056"]
[PlyCount "93"]
[EventDate "2008.??.??"]
[EventType "team-tourn"]
[EventRounds "5"]
[EventCountry "FIN"]
[SourceTitle "EXT 2022"]
[Source "ChessBase"]
[SourceDate "2021.10.06"]
[SourceVersion "1"]
[SourceVersionDate "2021.10.06"]
[SourceQuality "1"]
[WhiteTeam "Oulainen Shakkilaakso"]
[BlackTeam "Jyvaskyla JyS II"]
[WhiteTeamCountry "FIN"]
[BlackTeamCountry "FIN"]

1. e4 e5 2. Nf3 Nc6 3. Bb5 a6 4. Ba4 Nf6 5. 0-0 Be7 6. Re1 b5 7. Bb3 d6 8. c3 0-0 9. d4 Bg4 10. d5 Na5 11. Bc2 c5 12. b3 Rc8 13. Nbd2 Ne8 14. Nf1 f5 15. Ne3 fxe4 16. Bxe4 Bh5 17. Nf5 Nf6 18. Nxe7+ Qxe7 19. Bf5 Rc7 20. Qd3 c4 21. Qc2 Nxd5 22. Bxh7+ Kh8 23. b4 Bxf3 24. bxa5 Bh5 25. Be4 Nf6 26. Bg5 Qf7 27. Qd2 Rd7 28. a4 d5 29. Bf5 Ne4 30. Rxe4 Qxf5 31. Rh4 d4 32. Rxh5+ Kg8 33. cxd4 Rxd4 34. Qe3 Qg4 35. h4 Qxh5 36. Qxe5 Rd1+ 37. Rxd1 Qxd1+ 38. Kh2 Qd7 39. axb5 Qxb5 40. Qd4 Rc8 41. Bf6 Qc5 42. Qg4 Rc7 43. Qe6+ Rf7 44. Be5 c3 45. Qe8+ Rf8 46. Qe6+ Kh8 47. Qh6+ 1-0